Cluster - II multiscale/multipoint plasma measurements (Record no. 14409)

MARC details
000 -LEADER
fixed length control field 00748nam a2200205Ia 4500
003 - CONTROL NUMBER IDENTIFIER
control field IN-BaIIA
008 - FIXED-LENGTH DATA ELEMENTS--GENERAL INFORMATION
fixed length control field 211028s9999 xx 000 0 eng d
020 ## - INTERNATIONAL STANDARD BOOK NUMBER
International Standard Book Number 92-9092-796-8
040 ## - CATALOGING SOURCE
Transcribing agency IIA Library
080 ## - UNIVERSAL DECIMAL CLASSIFICATION NUMBER
Universal Decimal Classification number 524.7(082.2)
Item number ESA
111 ## - MAIN ENTRY--MEETING NAME
Meeting name or jurisdiction name as entry element European Space Agency
Location of meeting London, U.K.
Date of meeting or treaty signing 1999 Sept. 22-24
9 (RLIN) 25555
245 #0 - TITLE STATEMENT
Title Cluster - II multiscale/multipoint plasma measurements
Remainder of title proceedings conference multiscale/multipoint plasma measurements held in London, U.K., September 22-24, 1999
Statement of responsibility, etc. edited by R. A. Harris
260 ## - PUBLICATION, DISTRIBUTION, ETC.
Place of publication, distribution, etc. Netherlands
Name of publisher, distributor, etc. European Space Agency
Date of publication, distribution, etc. 1999
300 ## - PHYSICAL DESCRIPTION
Extent ix, 421p.
490 ## - SERIES STATEMENT
Series statement ESA SP-449
650 ## - SUBJECT ADDED ENTRY--TOPICAL TERM
Topical term or geographic name entry element Cluster
9 (RLIN) 25556
650 ## - SUBJECT ADDED ENTRY--TOPICAL TERM
Topical term or geographic name entry element Plasma Measurements
9 (RLIN) 25557
700 ## - ADDED ENTRY--PERSONAL NAME
Personal name Harris, R. A., ed.
9 (RLIN) 25558
942 ## - ADDED ENTRY ELEMENTS (KOHA)
Koha item type Books
Holdings
Withdrawn status Lost status Damaged status Not for loan Home library Current library Shelving location Date acquired Total Checkouts Full call number Barcode Date last seen Price effective from Koha item type Purchase Price
        IIA Library-Bangalore IIA Library-Bangalore General Stacks 27/12/2001   524.7(082.2)/ ESA 15329 05/11/2021 27/12/2001 Books € 40.00

Powered by Koha